000
00276nam a22001337a 4500
082
_a
894.812
_b
DAS/P
100
_a
DAS, I.V
245
_a
PRATHIKARANANGAL
260
_a
ERNAKULAM
_b
CICC BOOK HOUSE
_c
1996
300
_a
169
520
_a
ESSAYS
650
_a
ESSAYS
942
_c
BK
999
_c
5489
_d
5489